00385nam a22001577a 4500003000400000020001800004082001800022100001900040245004000059250000800099260004700107300000700154650002800161653001700189700002100206SGT a9786206779186 a617.601bS23K aKhurana, Charu aSocial inequalities and oral health a1st aGermanybLambert Academic Publishingc2023 a52 aPublic Health Dentistry aOral Health  aMinocha, Rashmit